[Event "Frankfurt Ch A 2017"]
[Site "Ffm-Höchst, BiKuZ"]
[Date "2017.05.02"]
[Round "2.10"]
[White "Gutacker, Stephan"]
[Black "Neininger, Ralph"]
[Result "1/2-1/2"]
[WhiteElo "1825"]
[BlackElo "2101"]
[PlyCount "81"]
[EventDate "2017.??.??"]
[WhiteTeam "Sfr. Kelkheim"]
[BlackTeam "Frankfurter TV"]

1. e4 e6 2. d4 d5 3. Bd3 dxe4 4. Bxe4 Nf6 5. Bf3 c5 6. Ne2 Nc6 7. c3 Be7 8. O-O
O-O 9. a4 cxd4 10. cxd4 Qb6 11. Na3 Rd8 12. Qc2 Nxd4 13. Nxd4 Qxd4 14. Rd1 Qe5
15. Rxd8+ Bxd8 16. Be3 Nd5 17. Bxd5 exd5 18. Nb5 a6 19. Nd4 Bf6 20. Ra3 Bd7 21.
Rc3 h6 22. h3 Qe8 23. b3 Rc8 24. Rxc8 Bxc8 25. Qc5 Be6 26. Qc7 Qd7 27. Nxe6
Qxe6 28. Qxb7 d4 29. Bd2 d3 30. b4 Bd4 31. b5 axb5 32. axb5 g6 33. Qb8+ Kh7 34.
Qf4 Bg7 35. Qe3 Qd5 36. b6 h5 37. Qf3 Qb3 38. b7 Be5 39. g3 Kg7 40. Qe3 Qb5 41.
Qe4 1/2-1/2

[Event "Frankfurt Ch A 2017"]
[Site "Ffm-Höchst, BiKuZ"]
[Date "2017.05.02"]
[Round "2.11"]
[White "Reschke, Thomas"]
[Black "Vega Lopez de Nava, Cesar Octavi"]
[Result "1-0"]
[WhiteElo "2095"]
[BlackElo "1859"]
[PlyCount "69"]
[EventDate "2017.??.??"]
[WhiteTeam "SC Frankfurt-West"]
[BlackTeam "SV Rüsselsheim"]

1. c4 c6 2. b3 d5 3. Bb2 Nf6 4. g3 Bg4 5. Bg2 e6 6. Nf3 Nbd7 7. O-O Bd6 8. d4
O-O 9. Nc3 Rc8 10. Nd2 Bb4 11. a3 Ba5 12. b4 Bb6 13. c5 Bc7 14. f4 b6 15. cxb6
axb6 16. Nb3 c5 17. bxc5 bxc5 18. Nxc5 Nxc5 19. dxc5 Nd7 20. Na4 f6 21. Kh1 Bb8
22. Rc1 Qa5 23. h3 Bh5 24. Bc3 Qc7 25. Bb4 Rfd8 26. Qd2 Qc6 27. Nb6 Nxb6 28.
cxb6 Qxb6 29. g4 Rxc1 30. Rxc1 Bf7 31. e3 d4 32. Be7 Re8 33. Bc6 dxe3 34. Qc3
Qa6 35. Bxe8 1-0

[Event "Frankfurt Ch A 2017"]
[Site "Ffm-Höchst, BiKuZ"]
[Date "2017.05.02"]
[Round "2.14"]
[White "Kretner, Georg-Ulrich"]
[Black "Rolf, Marco"]
[Result "1/2-1/2"]
[WhiteElo "1816"]
[BlackElo "2038"]
[PlyCount "61"]
[EventDate "2017.??.??"]
[WhiteTeam "SC Bad Nauheim"]
[BlackTeam "SK Bad Homburg"]

1. d4 Nf6 2. Nf3 e6 3. c4 b6 4. g3 Ba6 5. Qc2 Bb4+ 6. Bd2 Be7 7. Bg2 O-O 8. O-O
Bb7 9. Nc3 d5 10. Ne5 Nbd7 11. cxd5 exd5 12. Rac1 Rc8 13. Qb3 Ne4 14. Nxe4 Nxe5
15. Nc5 bxc5 16. Qxb7 Nc4 17. Bc3 c6 18. Bh3 Rc7 19. Qa6 cxd4 20. Bxd4 c5 21.
Bc3 Re8 22. b3 Nb6 23. Ba5 Qd6 24. Rfd1 Bg5 25. Qb5 Rce7 26. Rxc5 Rxe2 27. Bxb6
Qxb6 28. Qxb6 axb6 29. Rcxd5 h6 30. a4 Rb2 31. R5d3 1/2-1/2

[Event "Frankfurt Ch A 2017"]
[Site "Ffm-Höchst, BiKuZ"]
[Date "2017.05.02"]
[Round "2.15"]
[White "Rondonuwu, Grover"]
[Black "Ottenburg, Ralph"]
[Result "1-0"]
[WhiteElo "2036"]
[BlackElo "1833"]
[Annotator "Schloessner,Henrik"]
[PlyCount "73"]
[EventDate "2017.??.??"]
[WhiteTeam "Frankfurter TV"]
[BlackTeam "SF Frankfurt"]

1. d4 Nf6 2. Nf3 g6 3. Bf4 Bg7 4. e3 O-O 5. Be2 d6 6. O-O c5 7. c3 Qb6 8. b3
Nh5 9. Bg5 e5 10. Nbd2 Qc7 11. Rc1 Nc6 12. dxc5 dxc5 13. Ne4 h6 14. Bh4 f5 15.
Bc4+ Kh7 16. Nxc5 Nf6 17. Bxf6 Rxf6 18. b4 b6 19. Nb3 f4 20. exf4 Bg4 21. Be2
Rxf4 22. Nfd2 Be6 23. g3 Rf7 24. Bf3 Rd8 25. Qe2 Ne7 26. c4 h5 27. Be4 Bg4 28.
f3 Bh3 29. Rfd1 Bh6 30. Rc3 Nf5 31. Nf1 Bxf1 32. Rxf1 Nd4 33. Nxd4 exd4 34. Rc2
Re7 35. Qd3 Rg7 36. Kg2 Be3 37. c5 {Rest nicht nachvollziehbar 1-0 (56)} 1-0

[Event "Frankfurt Ch A 2017"]
[Site "Ffm-Höchst, BiKuZ"]
[Date "2017.05.02"]
[Round "2.16"]
[White "Medvedovski, Michael"]
[Black "Fröhlich-Dill, Astrid"]
[Result "1-0"]
[WhiteElo "2029"]
[BlackElo "1810"]
[PlyCount "75"]
[EventDate "2017.??.??"]
[WhiteTeam "Frankfurter TV"]
[BlackTeam "SV Hofheim"]

1. e4 e6 2. Nf3 c5 3. Nc3 d6 4. d4 b6 5. Bc4 a6 6. a4 Nc6 7. d5 Na5 8. dxe6
fxe6 9. Ba2 Be7 10. Qe2 Nc6 11. O-O Nd4 12. Nxd4 cxd4 13. Nd1 Qc7 14. c3 dxc3
15. Nxc3 Nf6 16. Bf4 e5 17. Bg5 Bg4 18. f3 Bd7 19. Rac1 Qd8 20. Bxf6 Bxf6 21.
Qc4 Rf8 22. Nd5 Bg5 23. Rc3 Rc8 24. Qxa6 Rxc3 25. Nxc3 Be3+ 26. Kh1 Qc8 27. Qd3
Bd4 28. Rc1 Bxa4 29. Ne2 Qa8 30. Nxd4 exd4 31. Qxd4 Rf6 32. Bd5 Qa5 33. b3 Bd7
34. b4 Qa3 35. Ra1 Rxf3 36. Rxa3 Rf1+ 37. Qg1 Rxg1+ 38. Kxg1 1-0

[Event "Frankfurt Ch A 2017"]
[Site "Ffm-Höchst, BiKuZ"]
[Date "2017.05.02"]
[Round "2.17"]
[White "Calvi, Stefan"]
[Black "Menning, Uwe"]
[Result "1/2-1/2"]
[WhiteElo "2016"]
[BlackElo "1795"]
[PlyCount "95"]
[EventDate "2017.??.??"]
[WhiteTeam "SF Frankfurt"]
[BlackTeam "FC Bierstadt"]

1. e4 c6 2. Nf3 d5 3. exd5 cxd5 4. Ne5 Nd7 5. d4 e6 6. c3 Ngf6 7. Nd2 Bd6 8.
Ndf3 Qc7 9. Bb5 O-O 10. Qe2 Ne4 11. Bxd7 Bxd7 12. Nxd7 Qxd7 13. Ne5 Bxe5 14.
dxe5 f5 15. f3 Nc5 16. Be3 Na6 17. O-O Qc7 18. Bd4 Nb8 19. Rfc1 Rc8 20. f4 Nc6
21. Be3 Ne7 22. b3 Qa5 23. Qd3 Rc6 24. a4 Rac8 25. Bd4 Qc7 26. a5 a6 27. Qd2
Qd7 28. Re1 Rf8 29. Re3 Rcc8 30. Rd3 Qb5 31. b4 Rc4 32. Bc5 Rf7 33. Rd4 Nc6 34.
Rxc4 Qxc4 35. Bd6 Rd7 36. Rd1 Na7 37. Qd4 Qxd4+ 38. cxd4 Nb5 39. Bc5 Rc7 40.
Rd3 g6 41. Kf2 Rc8 42. Kg3 Nc7 43. Kh4 Ne8 44. Kg5 Kg7 45. Rh3 Nc7 46. Rh6 Re8
47. h4 Nb5 48. h5 1/2-1/2

[Event "Frankfurt Ch A 2017"]
[Site "Ffm-Höchst, BiKuZ"]
[Date "2017.05.02"]
[Round "2.18"]
[White "Schellen, Sven"]
[Black "Zweschper, Erich"]
[Result "0-1"]
[WhiteElo "1801"]
[BlackElo "2016"]
[PlyCount "76"]
[EventDate "2017.??.??"]
[WhiteTeam "SF Frankfurt"]
[BlackTeam "SVG Eppstein"]

1. d4 g6 2. Nf3 Bg7 3. Bf4 d6 4. e3 Nd7 5. h3 Ngf6 6. c4 O-O 7. Be2 c6 8. Nc3
Qe8 9. O-O e5 10. Bh2 Qe7 11. b4 Ne8 12. b5 Nc7 13. bxc6 bxc6 14. Rb1 Nb6 15.
c5 dxc5 16. Nxe5 Bxe5 17. Bxe5 Ncd5 18. Ne4 Bf5 19. Bd6 Qxe4 20. Bxf8 Nc3 21.
Qe1 Nxe2+ 22. Qxe2 Rxf8 23. dxc5 Nd5 24. Rb2 Re8 25. Qa6 Re5 26. Kh2 Nf6 27.
Qxa7 Kg7 28. Rd1 Bxh3 29. gxh3 Rg5 30. f4 Rh5 31. Qa6 Ng4+ 32. Kg1 Qxe3+ 33.
Kf1 Rxh3 34. Qxc6 Qxf4+ 35. Ke1 Re3+ 36. Re2 Rxe2+ 37. Kxe2 Qe3+ 38. Kf1 Qf2#
0-1

[Event "Frankfurt Ch A 2017"]
[Site "Ffm-Höchst, BiKuZ"]
[Date "2017.05.02"]
[Round "2.19"]
[White "Bennedik, Martin"]
[Black "Makilla, Tobias"]
[Result "1-0"]
[WhiteElo "2003"]
[BlackElo "1791"]
[PlyCount "59"]
[EventDate "2017.??.??"]
[WhiteTeam "SV Frankfurt Nord"]
[BlackTeam "SC Hattersheim"]

1. e4 e5 2. Nf3 Nc6 3. Bb5 a6 4. Ba4 Nf6 5. O-O b5 6. Bb3 Be7 7. Re1 O-O 8. d3
Bb7 9. Nc3 d6 10. a3 Nd4 11. Nxd4 exd4 12. Nd5 c5 13. Nxe7+ Qxe7 14. Bg5 h6 15.
Bh4 g5 16. Bg3 h5 17. e5 h4 18. exd6 Qd7 19. Be5 Qc6 20. f3 Ng4 21. Qd2 Ne3 22.
Rxe3 dxe3 23. Qxe3 Kh7 24. Qxg5 f6 25. Qxh4+ Kg7 26. Qg5+ Kh7 27. Bxf6 Rxf6 28.
Qxf6 c4 29. Re1 Re8 30. Qf7+ 1-0

[Event "Frankfurt Ch A 2017"]
[Site "Ffm-Höchst, BiKuZ"]
[Date "2017.05.02"]
[Round "2.20"]
[White "Bittner, Peter"]
[Black "Nagelsdiek, Ralf"]
[Result "1/2-1/2"]
[WhiteElo "1792"]
[BlackElo "2003"]
[PlyCount "43"]
[EventDate "2017.??.??"]
[WhiteTeam "SC Nied"]
[BlackTeam "SC Bad Soden"]

1. e4 c5 2. Nf3 d6 3. d4 cxd4 4. Nxd4 Nf6 5. Nc3 a6 6. Be2 e5 7. Nf3 h6 8. a4
Be6 9. O-O Be7 10. a5 Nc6 11. Nd2 Nxa5 12. b4 Nc6 13. b5 axb5 14. Rxa8 Qxa8 15.
Nxb5 O-O 16. Nc7 Qa7 17. Nxe6 fxe6 18. Bg4 Nxg4 19. Qxg4 Rf6 20. Nc4 d5 21.
exd5 exd5 22. Ne3 1/2-1/2

[Event "Frankfurt Ch A 2017"]
[Site "Ffm-Höchst, BiKuZ"]
[Date "2017.05.02"]
[Round "2.21"]
[White "Varma, Christopher"]
[Black "Fucik, Timo"]
[Result "0-1"]
[WhiteElo "1783"]
[BlackElo "2003"]
[PlyCount "120"]
[EventDate "2017.??.??"]
[WhiteTeam "SC Bad Nauheim"]
[BlackTeam "SK Ettlingen"]

1. e4 c5 2. Nf3 d6 3. Bc4 Nf6 4. Qe2 Nc6 5. h3 e6 6. Bb3 Be7 7. c3 O-O 8. O-O
Bd7 9. d4 cxd4 10. cxd4 d5 11. e5 Ne4 12. Nc3 Nxc3 13. bxc3 Rc8 14. Qd3 a6 15.
Bc2 g6 16. Bh6 Re8 17. a4 Qc7 18. Rfc1 Na5 19. Bd1 Qc4 20. Qe3 Bf8 21. Bxf8
Kxf8 22. Qh6+ Ke7 23. Qh4+ Kf8 24. Qxh7 Rc7 25. Qh8+ Ke7 26. Qf6+ Kf8 27. Bc2
Kg8 28. Ng5 Bc6 29. h4 Nb3 30. h5 gxh5 31. Qh6 Nxa1 32. Bh7+ Kh8 33. Bd3+ Kg8
34. Bxc4 dxc4 35. Rxa1 b5 36. axb5 axb5 37. Rb1 Ra8 38. f4 Ra2 39. Qh7+ Kf8 40.
Qh8+ Ke7 41. Qf6+ Ke8 42. f5 Rxg2+ 43. Kf1 Rh2 44. Qh8+ Kd7 45. fxe6+ fxe6 46.
Qg7+ Kc8 47. Qg8+ Kb7 48. Rb4 Kb6 49. Qb8+ Rb7 50. Qd8+ Ka6 51. Qc8 Kb6 52.
Qd8+ Ka6 53. Qd6 Rb6 54. Qe7 Bd5 55. Qe8 Bc6 56. Qc8+ Bb7 57. Qf8 Bd5 58. Qf4
Rc2 59. Ne4 Ka5 60. Nc5 Rxc3 $138 0-1

[Event "Frankfurt Ch A 2017"]
[Site "Ffm-Höchst, BiKuZ"]
[Date "2017.05.02"]
[Round "2.22"]
[White "Bischoff, Ulrich"]
[Black "Bratmann, Marc"]
[Result "1-0"]
[WhiteElo "1981"]
[BlackElo "1686"]
[PlyCount "81"]
[EventDate "2017.??.??"]
[WhiteTeam "Sfr. Erbach"]
[BlackTeam "TuS Dotzheim"]

1. Nf3 d5 2. g3 Nf6 3. Bg2 c5 4. O-O Nc6 5. d4 e6 6. c4 Be7 7. cxd5 Nxd5 8.
dxc5 Bxc5 9. Bd2 O-O 10. Nc3 Nxc3 11. Bxc3 Qb6 12. a3 Rd8 13. Qc2 Nd4 14. Nxd4
Bxd4 15. Bxd4 Rxd4 16. Rfd1 Rd8 17. Rxd8+ Qxd8 18. Rd1 Qe7 19. Rd3 Rb8 20. Rc3
Qd8 21. Rc7 h6 22. b4 a6 23. h4 b6 24. Ra7 a5 25. b5 Bd7 26. a4 Be8 27. Rc7 Qd4
28. Rc8 Qd6 29. Bf3 Kf8 30. Kg2 Rxc8 31. Qxc8 Ke7 32. Bc6 Qd8 33. Qb7+ Kf8 34.
Kh2 Qd4 35. Kg2 Qd8 36. e3 h5 37. e4 g6 38. e5 Bxc6+ 39. bxc6 Qd5+ 40. Kh2 Qf3
41. Qxb6 1-0

[Event "Frankfurt Ch A 2017"]
[Site "Ffm-Höchst, BiKuZ"]
[Date "2017.05.02"]
[Round "2.23"]
[White "Lanz, Jürgen"]
[Black "Teschler, Ulrich"]
[Result "0-1"]
[WhiteElo "1560"]
[BlackElo "1973"]
[PlyCount "46"]
[EventDate "2017.??.??"]
[WhiteTeam "SC Hattersheim"]
[BlackTeam "SV Fechenheim"]

1. Nf3 Nf6 2. g3 c5 3. Bg2 Nc6 4. c4 e6 5. d4 cxd4 6. Nxd4 Bc5 7. Nxc6 bxc6 8.
O-O O-O 9. Nc3 d5 10. cxd5 exd5 11. Qc2 Ng4 12. Ne4 Bb6 13. Ng5 g6 14. Qxc6 Ba6
15. Bf3 Ne5 16. Qc3 Re8 17. Rd1 Nxf3+ 18. Qxf3 f6 19. Rxd5 Qe7 20. Qb3 fxg5 21.
Ra5+ Kg7 22. Rxa6 Bxf2+ 23. Kxf2 Qxe2+ 0-1

[Event "Frankfurt Ch A 2017"]
[Site "Ffm-Höchst, BiKuZ"]
[Date "2017.05.02"]
[Round "2.24"]
[White "Kuhn, Gerhard"]
[Black "Winter, Olaf"]
[Result "1-0"]
[WhiteElo "1962"]
[BlackElo "1597"]
[PlyCount "63"]
[EventDate "2017.??.??"]
[WhiteTeam "SK Marburg"]
[BlackTeam "SK Bad Homburg"]

1. e4 c5 2. c3 e6 3. d4 cxd4 4. cxd4 g6 5. Nc3 a6 6. Nf3 Bg7 7. Be2 Ne7 8. O-O
O-O 9. Bg5 h6 10. Bf4 d6 11. Qd2 g5 12. Be3 b5 13. a3 Bb7 14. Ne1 Nbc6 15. f4
gxf4 16. Rxf4 Ng6 17. Rg4 Kh7 18. Nf3 f5 19. exf5 exf5 20. Rg3 f4 21. Rxg6 Kxg6
22. Bd3+ Kf7 23. Bxf4 Nxd4 24. Nxd4 Bxd4+ 25. Kh1 Rg8 26. Ne4 Rg6 27. Bxh6 Kg8
28. Rf1 Qd7 29. Ng3 Rxh6 30. Qxh6 Qg7 31. Qe6+ Kh8 32. Rf5 1-0

[Event "Frankfurt Ch A 2017"]
[Site "Ffm-Höchst, BiKuZ"]
[Date "2017.05.02"]
[Round "2.25"]
[White "Moldenhauer, Jürgen"]
[Black "Böhme, Jonas"]
[Result "1/2-1/2"]
[WhiteElo "1939"]
[BlackElo "1561"]
[PlyCount "118"]
[EventDate "2017.??.??"]
[WhiteTeam "SK Weinheim"]
[BlackTeam "SK Bad Homburg"]

1. d4 f5 2. Nf3 Nf6 3. g3 g6 4. c4 Bg7 5. Bg2 O-O 6. Nc3 d6 7. O-O Qe8 8. b3 e5
9. dxe5 dxe5 10. e4 c6 11. Qe2 fxe4 12. Ng5 Bg4 13. Qe3 Bf5 14. Ba3 Ng4 15. Qe2
Rf6 16. Ncxe4 h6 17. Nxf6+ Nxf6 18. Ne4 Nxe4 19. Bxe4 Bh3 20. Rfe1 Nd7 21. Qc2
Qf7 22. Rad1 Bf8 23. Bxf8 Rxf8 24. Bxg6 Qf6 25. Rxd7 Bxd7 26. Be4 h5 27. h4 Kh8
28. Qb2 Qg7 29. Bg2 Re8 30. Kh2 Kg8 31. f4 exf4 32. Rxe8+ Bxe8 33. Qxg7+ Kxg7
34. gxf4 Kf6 35. Be4 Bd7 36. Kg3 b6 37. Kf3 c5 38. Ke3 Bc8 39. Bf3 Kg6 40. Be2
Bb7 41. f5+ Kxf5 42. Bxh5 Bc6 43. Bf7 Bd7 44. h5 Kg5 45. Ke4 Bf5+ 46. Ke5 Bb1
47. a3 Ba2 48. Kd5 Bxb3 49. Kc6 Kf6 50. Bd5 Kg5 51. Kb5 Kxh5 52. Ka6 Kg5 53.
Kxa7 b5 54. Kb6 Bxc4 55. Kxc5 Kf6 56. Bxc4 bxc4 57. Kxc4 Ke6 58. Kc5 Kd7 59.
Kb6 Kc8 1/2-1/2

[Event "Frankfurt Ch A 2017"]
[Site "Ffm-Höchst, BiKuZ"]
[Date "2017.05.02"]
[Round "2.26"]
[White "Panosch, Walter"]
[Black "Egenolf, Dirk"]
[Result "1/2-1/2"]
[WhiteElo "1456"]
[BlackElo "1939"]
[PlyCount "64"]
[EventDate "2017.??.??"]
[WhiteTeam "SC Matt im Park"]
[BlackTeam "SK Niederbrechen"]

1. d4 Nf6 2. Nf3 g6 3. c4 Bg7 4. Nc3 O-O 5. e4 d6 6. Be2 e5 7. d5 h6 8. O-O Ne8
9. Nd2 f5 10. f3 f4 11. Kh1 Nd7 12. Rg1 Ndf6 13. Nf1 Nh5 14. g3 g5 15. g4 Nhf6
16. h3 h5 17. Nh2 hxg4 18. Nxg4 Nh5 19. Bd2 Kf7 20. Be1 Rh8 21. Kh2 Nef6 22. b4
Qg8 23. Nb5 Qh7 24. Bf1 Ne8 25. Rc1 a6 26. Nc3 Nhf6 27. a4 Nxg4+ 28. fxg4 Nf6
29. Qf3 a5 30. b5 c6 31. Rc2 Ke7 32. Kh1 Qg6 1/2-1/2

[Event "Frankfurt Ch A 2017"]
[Site "Ffm-Höchst, BiKuZ"]
[Date "2017.05.02"]
[Round "2.28"]
[White "Kaliski, Erwin"]
[Black "Hambel, Christoph"]
[Result "1-0"]
[WhiteElo "2129"]
[BlackElo "1637"]
[PlyCount "55"]
[EventDate "2017.??.??"]
[WhiteTeam "SC Bad Nauheim"]
[BlackTeam "Bad Vilbeler Sfr"]

1. e4 d5 2. exd5 Nf6 3. d4 Nxd5 4. c4 Nf6 5. Nf3 c5 6. d5 g6 7. Nc3 Bg7 8. Be3
b6 9. Be2 O-O 10. O-O Bb7 11. Qd2 Re8 12. Rad1 Nbd7 13. Rfe1 a6 14. Bh6 Bh8 15.
Ng5 Ne5 16. Qf4 Qc7 17. Nxf7 Kxf7 18. Bg4 Bc8 19. Bxc8 Raxc8 20. Rxe5 Bg7 21.
Re6 Qxf4 22. Bxf4 Nd7 23. a4 a5 24. Rde1 Bf6 25. h3 g5 26. Bg3 h6 27. Nb5 Kf8
28. b3 1-0

[Event "Frankfurt Ch A 2017"]
[Site "Ffm-Höchst, BiKuZ"]
[Date "2017.05.02"]
[Round "2.29"]
[White "Rutsatz, Mario"]
[Black "Mügendt, Brian Christopher"]
[Result "1-0"]
[WhiteElo "1943"]
[BlackElo "1621"]
[PlyCount "119"]
[EventDate "2017.??.??"]
[WhiteTeam "SF Frankfurt"]
[BlackTeam "SC Heusenstamm"]

1. c4 e5 2. Nc3 Nc6 3. g3 f5 4. Bg2 g6 5. d3 Bg7 6. Nf3 Nge7 7. O-O O-O 8. Rb1
a6 9. Nd5 Rb8 10. b4 b5 11. Bg5 h6 12. Bxe7 Nxe7 13. Nxe7+ Qxe7 14. c5 d6 15.
Nh4 Kh7 16. cxd6 cxd6 17. Qc2 Bb7 18. Bxb7 Qxb7 19. Qb3 g5 20. Ng2 f4 21. Rbc1
Rf6 22. Qc2 d5 23. Ne1 Qe7 24. Nf3 g4 25. d4+ e4 26. Ne5 fxg3 27. hxg3 Rbf8 28.
Qc7 Qxc7 29. Rxc7 Re6 30. Nxg4 Kg6 31. Rd1 h5 32. Ne3 Rd8 33. Ng2 Bh6 34. e3
Kf5 35. Rdc1 Rdd6 36. Rf7+ Kg6 37. Rcc7 Rf6 38. Rcd7 Bf8 39. Nf4+ Kg5 40. Rxf6
Kxf6 41. Nxh5+ Ke6 42. Rxd6+ Kxd6 43. g4 Kc6 44. g5 Bxb4 45. Kf1 Bf8 46. Ke2 b4
47. Kd2 a5 48. Kc2 a4 49. g6 Kd6 50. g7 Bxg7 51. Nxg7 Ke7 52. Nh5 Ke6 53. a3
b3+ 54. Kb2 Kd6 55. Ng3 Ke6 56. Ne2 Kf5 57. Nc3 Kg4 58. Nxd5 Kf3 59. Nc3 Kxf2
60. d5 1-0

[Event "Frankfurt Ch A 2017"]
[Site "Ffm-Höchst, BiKuZ"]
[Date "2017.05.02"]
[Round "2.30"]
[White "Kolker, Vladislav"]
[Black "Gude, Michael"]
[Result "1-0"]
[WhiteElo "1925"]
[BlackElo "1520"]
[PlyCount "35"]
[EventDate "2017.??.??"]
[WhiteTeam "SC Bad Nauheim"]
[BlackTeam "SF Fürth"]

1. e4 e6 2. Nf3 d5 3. e5 c5 4. b4 cxb4 5. a3 Nc6 6. axb4 Bxb4 7. c3 Ba5 8. d4
Nge7 9. Bd3 Ng6 10. O-O O-O 11. Ng5 Nce7 12. h4 h6 13. h5 hxg5 14. Bxg5 Bb6 15.
hxg6 Qe8 16. Bxe7 Qxe7 17. Qh5 fxg6 18. Bxg6 1-0

[Event "Frankfurt Ch A 2017"]
[Site "Ffm-Höchst, BiKuZ"]
[Date "2017.05.02"]
[Round "2.31"]
[White "Grossjohann, Daniel"]
[Black "Dohmes, Swidbert"]
[Result "1-0"]
[WhiteElo "1852"]
[BlackElo "1581"]
[PlyCount "93"]
[EventDate "2017.??.??"]
[WhiteTeam "SC Bad Soden"]
[BlackTeam "SV Hofheim"]

1. e4 e5 2. Nf3 Nc6 3. Bb5 a6 4. Ba4 Nf6 5. O-O Be7 6. Bxc6 dxc6 7. Qe1 Bd6 8.
d4 Qe7 9. dxe5 Bxe5 10. Nxe5 Qxe5 11. Nc3 O-O 12. f4 Qe7 13. e5 Nd5 14. Ne4 Bf5
15. c3 Bxe4 16. Qxe4 Rad8 17. Rf3 Qc5+ 18. Be3 Nxe3 19. Qxe3 Qxe3+ 20. Rxe3 Rd2
21. b3 Rfd8 22. Kf1 Kf8 23. Re2 R2d3 24. Rc1 c5 25. Kf2 Ke7 26. Rcc2 g6 27. Re3
Rd2+ 28. Rxd2 Rxd2+ 29. Re2 Rd3 30. Rc2 Ke6 31. Ke2 Rd5 32. Rd2 c6 33. Ke3 f6
34. exf6 Kxf6 35. g4 Rxd2 36. Kxd2 Ke6 37. Kd3 b5 38. c4 Kd6 39. a4 bxa4 40.
bxa4 a5 41. Ke4 Ke6 42. f5+ gxf5+ 43. gxf5+ Kf6 44. Kf4 h6 45. h3 Kf7 46. Ke5
Ke7 47. f6+ 1-0

[Event "Frankfurt Ch A 2017"]
[Site "Ffm-Höchst, BiKuZ"]
[Date "2017.05.02"]
[Round "2.32"]
[White "Senatov, Boris"]
[Black "Liebske, Reiner"]
[Result "1-0"]
[WhiteElo "1558"]
[BlackElo "1824"]
[PlyCount "49"]
[EventDate "2017.??.??"]
[WhiteTeam "SC Heusenstamm"]
[BlackTeam "SV Frankfurt Nord"]

1. e4 c5 2. c3 d5 3. exd5 Qxd5 4. d4 e5 5. dxe5 Qxd1+ 6. Kxd1 Nc6 7. f4 Bf5 8.
Be2 O-O-O+ 9. Ke1 f6 10. Nf3 fxe5 11. fxe5 g6 12. Bf4 Bg7 13. Nbd2 Nge7 14. Nc4
Be6 15. Nd6+ Kb8 16. Rd1 Rhf8 17. Be3 b6 18. Ng5 Bg8 19. e6 Be5 20. Ndf7 Rxd1+
21. Kxd1 Nd5 22. Bc1 Nf4 23. Bb5 h6 24. Bxc6 Bc7 25. e7 1-0

[Event "Frankfurt Ch A 2017"]
[Site "Ffm-Höchst, BiKuZ"]
[Date "2017.05.02"]
[Round "2.33"]
[White "Thede, Stefan"]
[Black "Hinz, André"]
[Result "0-1"]
[WhiteElo "1649"]
[BlackElo "1729"]
[PlyCount "60"]
[EventDate "2017.??.??"]
[WhiteTeam "SV Frankfurt Nord"]
[BlackTeam "SC Brett vorm Kopp"]

1. b3 Nc6 2. Bb2 e5 3. d3 d5 4. Nf3 Bd6 5. g3 f5 6. Bg2 Nf6 7. O-O O-O 8. c4 d4
9. a3 a5 10. Qc2 Bc5 11. Nbd2 Qe7 12. Nh4 Bd7 13. Rfe1 g5 14. Nhf3 Qg7 15. e3
dxe3 16. fxe3 Ng4 17. Nf1 f4 18. Nxe5 Nxe3 19. Nxe3 Nxe5 20. Bd5+ Kh8 21. b4
axb4 22. axb4 Rxa1 23. Bxa1 Bxe3+ 24. Rxe3 fxe3 25. Qc3 Ra8 26. d4 Nc6 27. Bb2
Ra2 28. Bxc6 Bxc6 29. b5 Bd7 30. Qb3 Qf6 0-1

[Event "Frankfurt Ch A 2017"]
[Site "Ffm-Höchst, BiKuZ"]
[Date "2017.05.02"]
[Round "2.34"]
[White "Fritsch, Reinhold"]
[Black "Schwenkreis, Thomas"]
[Result "0-1"]
[WhiteElo "1476"]
[BlackElo "2036"]
[PlyCount "40"]
[EventDate "2017.??.??"]
[WhiteTeam "SC Somborn"]
[BlackTeam "SV Oberursel"]

1. e4 d6 2. d4 Nf6 3. Nc3 g6 4. Bc4 Bg7 5. Bg5 O-O 6. Qd2 Nxe4 7. Nxe4 d5 8.
Bb3 dxe4 9. O-O-O Nc6 10. c3 Na5 11. h4 Nxb3+ 12. axb3 Bg4 13. f3 exf3 14. gxf3
Bh5 15. Re1 Re8 16. Qe3 Qd7 17. Nh3 e5 18. dxe5 Rxe5 19. Qf2 Rxe1+ 20. Rxe1
Qxh3 0-1

[Event "Frankfurt Ch A 2017"]
[Site "Ffm-Höchst, BiKuZ"]
[Date "2017.05.02"]
[Round "2.35"]
[White "Beinrucker, Markus"]
[Black "Wagner, Günter"]
[Result "1/2-1/2"]
[WhiteElo "1887"]
[BlackElo "1666"]
[PlyCount "54"]
[EventDate "2017.??.??"]
[WhiteTeam "SK Niederbrechen"]
[BlackTeam "SV Groß-Gerau"]

1. d4 Nf6 2. Bf4 d6 3. e3 g6 4. Nf3 Bg7 5. Be2 O-O 6. O-O c5 7. c4 Nbd7 8. Nc3
b6 9. h3 Bb7 10. d5 Ne8 11. h4 Ndf6 12. e4 e5 13. dxe6 Nxe4 14. exf7+ Rxf7 15.
Nxe4 Rxf4 16. Neg5 Qf6 17. Qa4 h6 18. g3 Rxf3 19. Nxf3 Bxf3 20. Bxf3 Qxf3 21.
Rae1 Qf7 22. Re2 Kf8 23. Qc6 Rd8 24. Rc1 Be5 25. Kg2 g5 26. hxg5 hxg5 27. b3 g4
1/2-1/2

[Event "Frankfurt Ch A 2017"]
[Site "Ffm-Höchst, BiKuZ"]
[Date "2017.05.02"]
[Round "2.36"]
[White "Koch, Thomas"]
[Black "Pabel, Ralph"]
[Result "1-0"]
[WhiteElo "1662"]
[BlackElo "1885"]
[PlyCount "127"]
[EventDate "2017.??.??"]
[WhiteTeam "SV Ffm-Griesheim"]
[BlackTeam "SK Mainaschaff"]

1. e4 c5 2. Nf3 d6 3. Be2 Nf6 4. Nc3 a6 5. a4 Nc6 6. O-O Nd4 7. e5 dxe5 8. Nxe5
Qc7 9. Re1 e6 10. Bc4 Bd6 11. f4 O-O 12. Nb1 Nd7 13. c3 Bxe5 14. fxe5 Nxe5 15.
cxd4 Nxc4 16. Qc2 Nb6 17. Ra3 c4 18. Rh3 f5 19. d3 Bd7 20. a5 Nd5 21. dxc4 Rad8
22. b3 Nf4 23. Rf3 Ng6 24. Bd2 Bc6 25. Rf2 Rde8 26. Qc3 Qd8 27. Qe3 h6 28. Bb4
Rf7 29. Nd2 Qf6 30. Nf3 Bxf3 31. Rxf3 Nf8 32. Bc3 Qg5 33. Qe2 Rd8 34. Rd1 Qg4
35. Rdf1 Rfd7 36. Qe5 Qh5 37. Bb4 Qf7 38. Bc5 Ng6 39. Qe1 Qf6 40. b4 Re8 41.
Rxf5 Qh4 42. Rf8+ Rxf8 43. Rxf8+ Kh7 44. Qxh4 Nxh4 45. Re8 Nf5 46. Rxe6 Nxd4
47. Rd6 Rxd6 48. Bxd6 Kg6 49. Kf2 Kf5 50. Ke3 Ne6 51. g3 h5 52. b5 g6 53. bxa6
bxa6 54. c5 Nd8 55. Bc7 Nc6 56. h4 Ne7 57. Kd4 Ke6 58. Bd6 Nf5+ 59. Ke4 Kd7 60.
Kd5 Ne3+ 61. Ke5 Nc4+ 62. Kf6 Nxa5 63. Kxg6 Nc4 64. Bf8 1-0

[Event "Frankfurt Ch A 2017"]
[Site "Ffm-Höchst, BiKuZ"]
[Date "2017.05.02"]
[Round "2.37"]
[White "Fischer, Lutz"]
[Black "Kulenovic, Adnan"]
[Result "0-1"]
[WhiteElo "1609"]
[BlackElo "1821"]
[PlyCount "48"]
[EventDate "2017.??.??"]
[WhiteTeam "SF Frankfurt"]
[BlackTeam "SV Kinzigtal"]

1. e4 e6 2. d4 d5 3. e5 Ne7 4. Bd3 c5 5. c3 Nec6 6. Nf3 Nd7 7. a3 cxd4 8. cxd4
f6 9. O-O Be7 10. Nh4 g6 11. Bh6 f5 12. Nf3 Rg8 13. Nc3 Nb6 14. Rc1 g5 15. Nxg5
Bxg5 16. Qh5+ Rg6 17. Bxg5 Qxg5 18. Qxg5 Rxg5 19. Nb5 Rg7 20. Nd6+ Kd8 21. Be2
Nxd4 22. Bh5 Nc6 23. f4 Nc4 24. Rf2 Nxd6 0-1

[Event "Frankfurt Ch A 2017"]
[Site "Ffm-Höchst, BiKuZ"]
[Date "2017.05.02"]
[Round "2.39"]
[White "Worzelberger, Armin"]
[Black "Stricker, Konstantin"]
[Result "1-0"]
[WhiteElo "1770"]
[BlackElo "1660"]
[PlyCount "73"]
[EventDate "2017.??.??"]
[WhiteTeam "SC Grunbach"]
[BlackTeam "SC Eschbach"]

1. e4 c5 2. f4 d6 3. Bc4 e6 4. Nc3 Nc6 5. Nf3 Nf6 6. O-O Be7 7. d4 cxd4 8. Ne2
Nxe4 9. Nexd4 O-O 10. c3 a6 11. Qe2 Nxd4 12. cxd4 Nf6 13. Ng5 d5 14. Bd3 h6 15.
Nf3 Nd7 16. Bd2 b5 17. Rae1 Re8 18. Bb1 Nf8 19. Qd3 a5 20. Ne5 b4 21. Rf2 Ba6
22. Qh3 Bf6 23. Qh5 Qe7 24. g4 Bh4 25. g5 Bxf2+ 26. Kxf2 hxg5 27. Rg1 f6 28.
Ng6 Qa7 29. Be3 Bb5 30. h4 Qa6 31. hxg5 Bd3 32. Qh8+ Kf7 33. gxf6 Kxf6 34. Qh4+
Kf7 35. Ne5+ Kg8 36. Bxd3 Qb7 37. Rh1 1-0

[Event "Frankfurt Ch A 2017"]
[Site "Ffm-Höchst, BiKuZ"]
[Date "2017.05.02"]
[Round "2.40"]
[White "Bergner, Matthias"]
[Black "Weiland, Thomas"]
[Result "1/2-1/2"]
[WhiteElo "1577"]
[BlackElo "1767"]
[PlyCount "75"]
[EventDate "2017.??.??"]
[WhiteTeam "SV Neu-Isenburg"]
[BlackTeam "SV Oberursel"]

1. d4 e6 2. e3 d5 3. f4 c5 4. c3 Nf6 5. Nf3 Nc6 6. Bd3 Be7 7. O-O Bd7 8. Ne5
cxd4 9. cxd4 O-O 10. Nd2 Rc8 11. Ndf3 Nxe5 12. Nxe5 Be8 13. Bd2 Nd7 14. Rc1 f5
15. Rxc8 Qxc8 16. Qc1 Qxc1 17. Rxc1 Nxe5 18. dxe5 Bc6 19. b4 a6 20. a3 Rc8 21.
Kf2 g5 22. g3 gxf4 23. exf4 Kf7 24. Be3 h5 25. h4 Bd7 26. Rxc8 Bxc8 27. Be2 Kg6
28. Bb6 Bd7 29. Ke3 Be8 30. Kd4 Kg7 31. Bc7 Bf7 32. Bd6 Bd8 33. a4 Be8 34. a5
Kg6 35. Kc5 Bd7 36. Kd4 Bc6 37. Kc5 Bd7 38. Kd4 1/2-1/2